000 01684nam0a2200361 4500
001 RU\NLR\bibl\1258348
005 20260406084957.0
010 _a978-5-86866-442-7
_95000
021 _aRU
_b2008-44843
_92481
035 _a(NLR Aleph) 001244364
090 _a279090
_c279090
100 _a20080804d2008 |||y0rusy50 ca
101 0 _arus
_aeng
102 _aRU
105 _ay |||||||||
200 1 _aАнглийский с удовольствием
_dEnjoy English
_eанглийский язык
_eкнига для учителя к учебнику для 5-6 классов общеобразовательных учреждений
_fМ. З. Биболетова, Н. Н. Трубанева
_zeng
210 _aОбнинск
_cТитул
_d2008
215 _a63 с.
_d28
300 _aНа обл.: Enjoy English: teacher's book: 5-6 кл.
510 1 _6z11790
_aEnjoy English
_zeng
512 1 _aEnjoy English
_eteacher's book
_e5-6 кл.
606 1 _aАнглийский язык
_xПреподавание
_xПрофильные школы
_92485399
_3RU\NLR\auth\661475086
686 _aЧ426.179Ан2(2)
700 1 _4070
_8rus
_7ca
_aБиболетова
_bМ. З.
_gМерем Забатовна
_3RU\NLR\AUTH\7753799
_936731
701 1 _4070
_8rus
_7ca
_aТрубанева
_bН. Н.
_gНаталья Николаевна
_3RU\NLR\AUTH\7725350
_98399
790 1 _8rus
_7ba
_aBiboletova
_bM. Z.
_gMerem Zabatovna
_3RU\NLR\AUTH\7794434
_977360
790 1 _8rus
_7ba
_aTrubaneva
_bN. N.
_gNatal'ja Nikolaevna
_3RU\NLR\AUTH\770151867
_9151829
801 0 _aRU
_bNLR
_c20080804
_gRCR
801 1 _aRU
_bNLR
_c20080804
942 _cBOOK
980 _aNB